01265nam a22002897a 45000010005000000030006000050050017000110080041000280200018000690400029000870500017001160820008001331000025001412450074001662500041002402600034002813000023003155050007003385200359003455210018007045210018007226500026007406500029007669420015007959990015008109520150008258169FISKH20250901092935.0250901b cb ||||| |||| 00| 0 eng d a9780439178815 aFISKHbengcFISKHdFISKH aPZ7.M47396 S a176 aMazer, Anned(1953-) aThe amazing days of Abby Hayes :bLook before you leap! /cAnne Mazer aThis edition first published in 2001 aNew York :bScholastic,c2001 a137 pages :c20 cm aJ  a"It's summer, and Abby Hayes has nothing to do. So it's the perfect time to get a pet! Abby is sure that she can handle the responsibility. But things don't go as planned, and by the time she adopts a kitten, Abby's summer has taken a turn for the better. She has a new friend at camp and a contest to win. Can she keep up with her kitten, too?"--Cover. 8 a460 bLexile 8 aJ bRaz-Plus  2Abby HayesaRealistic 2Purple bookshelfaAmenta 2ddccBKn0 c8169d8169 00102ddc40708JUVFa002b002cTTP Dark Blued2025-09-01l1oMAZ 176 PZ7.M47396 SpFIS00475r2026-03-11 12:57:06s2026-03-11t1w2025-09-01yBK